All King Diamond songs - Statistics

General Stats
  • This quiz has been taken 10 times
  • The average score is 37 of 143
Answer Stats
Album Songs % Correct
Abigail (1987) Abigail
100%
Them (1988) Them
100%
Voodoo (1998) Voodoo
100%
House of God (2000) House of God
90%
The Puppet Master (2003) The Puppet Master
90%
Abigail (1987) The Family Ghost
80%
The Graveyard (1996) The Graveyard
80%
Abigail (1987) Funeral
70%
Give Me Your Soul Please (2007) Give Me Your Soul
70%
Fatal Portrait bonus track (1986) No Presents for Christmas
70%
Abigail (1987) Omens
70%
Abigail (1987) The Possession
70%
The Spider's Lullabye (1995) The Spider's Lullabye
70%
Them (1988) Welcome Home
70%
Abigail (1987) A Mansion in Darkness
60%
Abigail (1987) Arrival
60%
Abigail (1987) Black Horsemen
60%
Them (1988) Bye, Bye Missy
60%
Fatal Portrait (1986) Halloween
60%
Conspiracy (1989) Sleepless Nights
60%
Them (1988) Tea
60%
Abigail (1987) The 7th Day of July 1777
60%
Them (1988) The Invisible Guests
60%
Fatal Portrait (1986) The Portrait
60%
Conspiracy (1989) At the Graves
50%
Fatal Portrait (1986) Charon
50%
Conspiracy (1989) Cremation
50%
Fatal Portrait (1986) Dressed in White
50%
The Eye (1990) Eye of the Witch
50%
The Eye (1990) Father Picard
50%
Conspiracy (1989) Lies
50%
Them (1988) Mother's Getting Weaker
50%
Fatal Portrait (1986) The Candle
50%
Fatal Portrait (1986) The Jonah
50%
Fatal Portraitbonus track (1986) The Lake
50%
House of God (2000) This Place Is Terrible
50%
The Eye (1990) Behind These Walls
40%
House of God (2000) Follow the Wolf
40%
The Spider's Lullabye (1995) Killer
40%
Them bonus track (1988) Phone Call
40%
House of God (2000) The Trees Have Eyes
40%
Conspiracy (1989) The Wedding Dream
40%
Them (1988) Twilight Symphony
40%
The Eye (1990) 1642 Imprisonment
30%
The Graveyard (1996) Black Hill Sanitarium
30%
The Puppet Master (2003) Blood to Walk
30%
The Spider's Lullabye (1995) From the Other Side
30%
House of God (2000) Help!!!
30%
Voodoo (1998) Loa House
30%
The Graveyard (1996) Lucy Forever
30%
Abigail II: The Revenge (2002) Mansion in Sorrow
30%
The Graveyard (1996) Meet Me at Midnight
30%
The Spider's Lullabye (1995) Moonlight
30%
The Spider's Lullabye (1995) Room 17
30%
Voodoo (1998) Sending of Dead
30%
The Eye (1990) The Curse
30%
The Spider's Lullabye (1995) To the Morgue
30%
The Eye (1990) Two Little Girls
30%
Fatal Portrait (1986) Voices from the Past
30%
Them (1988) A Broken Spell
20%
Abigail II: The Revenge (2002) Broken Glass
20%
The Eye (1990) Burn
20%
The Puppet Master (2003) Christmas
20%
The Puppet Master (2003) Darkness
20%
The Eye (1990) Insanity
20%
Voodoo (1998) Louisiana Darkness
20%
The Puppet Master (2003) Magic
20%
The Puppet Master (2003) Midnight
20%
Abigail II: The Revenge (2002) Miriam
20%
Voodoo (1998) One Down Two to Go
20%
Them (1988) Out from the Asylum
20%
Voodoo (1998) Sarah's Night
20%
The Spider's Lullabye (1995) Six Feet Under
20%
The Puppet Master (2003) So Sad
20%
Give Me Your Soul Please(2007) The Dead
20%
The Eye (1990) The Meetings
20%
The Eye (1990) The Trial (Chambre Ardente)
20%
The Graveyard (1996) Up from the Grave
20%
Voodoo (1998) Aftermath
10%
Conspiracy (1989) Amon Belongs to Them
10%
House of God (2000) Catacomb
10%
Voodoo (1998) Cross of Baron Samedi
10%
The Graveyard (1996) Daddy
10%
The Graveyard (1996) Digging Graves
10%
The Spider's Lullabye (1995) Dreams
10%
The Spider's Lullabye (1995) Eastmann's Cure
10%
The Puppet Master (2003) Emerencia
10%
House of God (2000) Goodbye
10%
Fatal Portrait (1986) Haunted
10%
Voodoo (1998) Life After Death
10%
Fatal Portrait (1986) Lurking in the Dark
10%
Give Me Your Soul Please (2007) Moving On
10%
Give Me Your Soul Please (2007) Never Ending Hill
10%
House of God (2000) Peace of Mind
10%
Give Me Your Soul Please (2007) Pictures in Red
10%
Voodoo (1998) Salem
10%
Abigail II: The Revenge (2002) Sorry Dear
10%
Abigail II: The Revenge (2002) Spare This Life
10%
Voodoo (1998) The Exorcist
10%
House of God (2000) The Pact
10%
House of God (2000) Upon the Cross
10%
Conspiracy (1989) Victimized
10%
Voodoo (1998) A Secret
0%
Conspiracy (1989) A Visit from the Dead
0%
House of God (2000) Black Devil
0%
Give Me Your Soul Please (2007) Black of Night
0%
The Puppet Master (2003) Blue Eyes
0%
Give Me Your Soul Please (2007) Cold as Ice
0%
Them (1988) Coming Home
0%
The Graveyard (1996) Heads on the Wall
0%
The Graveyard (1996) I Am
0%
Voodoo (1998) If They Only Knew
0%
The Graveyard (1996) I'm Not a Stranger
0%
The Eye (1990) Into the Convent
0%
Give Me Your Soul Please (2007) Is Anybody Here?
0%
House of God (2000) Just a Shadow
0%
Conspiracy (1989) Let It Be Done
0%
Abigail II: The Revenge (2002) Little One
0%
The Puppet Master (2003) Living Dead
0%
Give Me Your Soul Please (2007) Mirror, Mirror
0%
Abigail II: The Revenge (2002) Mommy
0%
Abigail II: The Revenge (2002) More Than Pain
0%
The Puppet Master (2003) No More Me
0%
House of God (2000) Passage to Hell
0%
Give Me Your Soul Please (2007) Shapes of Black
0%
Abigail bonus track(1987) Shrine
0%
The Graveyard (1996) Sleep Tight, Little Baby
0%
Abigail II: The Revenge (2002) Slippery Stairs
0%
Conspiracy (1989) Something Weird
0%
Abigail II: The Revenge (2002) Spirits
0%
Them (1988) The Accusation Chair
0%
Give Me Your Soul Please (2007) The Cellar
0%
Abigail II: The Revenge (2002) The Crypt
0%
Give Me Your Soul Please (2007) The Floating Head
0%
Give Me Your Soul Please (2007) The Girl in the Bloody Dress
0%
The Spider's Lullabye (1995) The Poltergeist
0%
The Puppet Master (2003) The Ritual
0%
Abigail II: The Revenge (2002) The Storm
0%
Abigail II: The Revenge (2002) The Wheelchair
0%
The Graveyard (1996) Trick or Treat
0%
Voodoo (1998) Unclean Spirits
0%
The Graveyard (1996) Waiting
0%
The Graveyard (1996) Whispers
0%
No matching quizzes found
Score Distribution
Percent of People with Each Score
Percentile by Number Answered
Your Score History
You have not taken this quiz